[Event "GCT Paris Rapid 2021"]
[Site "Paris"]
[Date "2021.06.20"]
[Round "8.2"]
[White "Firouzja, Alireza"]
[Black "Aronian, Levon"]
[Result "1/2-1/2"]
[WhiteElo "2759"]
[BlackElo "2781"]
[Annotator "TA"]
[PlyCount "244"]
[EventDate "2021.06.18"]
[EventType "tourn"]
[EventCountry "FRA"]
[SourceTitle "playchess.com"]
[Source "ChessBase"]
[SourceQuality "1"]

{[%evp 13,243,9,20,0,17,0,28,0,0,0,16,37,48,0,25,-12,0,-52,-55,-86,-87,-81,0,0,
0,0,0,-72,-81,-83,-70,-143,-106,-154,-153,-170,-160,-172,-115,-109,-118,-122,
-99,-214,-207,-202,-200,-190,-35,-33,-27,-31,-36,-55,-10,-79,-64,-2074,-2183,
-29972,-7127,-29987,-29988,-29988,-1104,-1018,-995,-4134,618,615,703,682,692,
692,867,724,706,706,811,644,687,629,1024,0,0,-8,-16,-20,-7,-7,-7,-7,-7,-7,-7,
-7,-7,-7,-7,-7,-7,-7,-7,-7,-7,-7,-7,-7,-7,-7,0,0,0,0,0,0,0,0,0,-8,0,0,0,-8,0,0,
0,-8,-8,-8,0,-8,-8,-8,-8,-8,-8,-8,0,0,0,0,0,0,0,0,0,0,0,0,0,0,0,0,0,0,0,0,0,0,
0,0,0,0,0,0,0,0,0,0,0,0,0,0,0,-8,-8,-8,-8,-8,-8,-8,-8,-8,-8,-8,-8,-8,-8,-8,-8,
-8,-8,-8,-8,-8,-8,-8,-8,-8,-8,-8,-8,-8,0,0,0,0,0,-8,-8,-8,-8,-8,0,-8,0,-8,0,0,
0,0,0,0,0,0,0,0,0,0,0,0]} 1. e4 e5 2. Nf3 Nc6 3. Bc4 Bc5 4. d3 Nf6 5. Bg5 d6 6.
c3 h6 7. Bh4 a6 8. a4 {C54: Giuoco Piano: 4 c3 Nf6, main lines with 5 d4 and 5
d3.} Ba7 9. Nbd2 O-O 10. O-O {White has an edge.} g5 11. Bg3 Na5 12. Ba2 Nh5 {
[#]} 13. d4 $146 ({Predecessor:} 13. b4 Nxg3 14. hxg3 Nc6 15. Nc4 g4 16. Nh4
Qg5 17. b5 Nb8 18. d4 Nd7 19. Qd3 {1-0 (51) Markgraf,A (2492)-Nedic,D (2320)
Germany 2019}) 13... Nxg3 14. hxg3 Nc6 {[%cal Re5d4]} 15. Nc4 (15. dxe5 $11
Nxe5 16. Nxe5 dxe5 17. Qe2) 15... g4 $15 16. Nh4 exd4 17. Rc1 b5 (17... Re8 $17
18. cxd4 Nxd4) 18. Na3 $11 dxc3 19. Bd5 Bd7 (19... cxb2 $6 20. Rxc6 Bd7 21.
axb5 $18) 20. Nf5 (20. axb5 $11 axb5 21. Rxc3) 20... Ne5 $1 $17 21. Bxa8 cxb2
22. Rb1 ({Avoid the trap} 22. Nxh6+ $2 Kg7 $19) (22. Rc2 $15 Bc5 23. Nb1 (23.
Nxh6+ Kg7 $19) 23... Qxa8 24. Nc3) 22... Qxa8 23. Ne7+ Kg7 24. Nd5 Bc5 25. Nc2
bxa4 (25... Nc4 $1 $19 26. Qd3 Qa7 27. Qc3+ f6) 26. Rxb2 a3 27. Ra2 Bb5 28.
Nxc7 (28. Re1 $17 {was worth a try.}) 28... Qxe4 $19 29. Nxb5 axb5 30. Nxa3 b4
(30... Ra8 $19 31. Qb3 Qd3 32. Qxd3 Nxd3) 31. Nb1 $15 h5 32. Nd2 Qg6 33. Nb3
Bb6 (33... h4 $5 34. Nxc5 (34. gxh4 Nf3+ 35. Kh1 Qh5 36. Qa1+ f6 37. Ra7+ Kg8
38. g3 Nxh4 39. gxh4 Qxh4+ {[%mdl 64] Double Attack} 40. Kg1 Qg3+ {[%mdl 64]
Double Attack} 41. Kh1 Qh3+ 42. Kg1 g3 43. Rh7 {[%mdl 64] Decoy} Kxh7 44. Qb1+
f5 45. Qxf5+ Rxf5 46. Nxc5 Qh2#) 34... dxc5 $11) 34. Ra4 (34. Rd2 $1 $11 {
remains equal.} Rd8 35. Re1) 34... Rb8 (34... Nd3 $5 {[%cal Rf8e8]} 35. Ra6 Rb8
$15) 35. Kh1 $2 {[%mdl 8192]} (35. Nd4 $15 Bc5 36. Nb3) 35... h4 $19 36. Kh2
Rh8 (36... Qh5 $142 37. Ra2 hxg3+ 38. Kxg3 Rc8 39. Nd4 Rc3+ 40. f3 gxf3 41.
gxf3 Rd3 42. Qxd3 Nxd3 43. Ne6+ fxe6 44. f4 b3 45. Rh2 Qg6+ 46. Kf3 e5 47. Rfh1
b2 48. Ke2 Nc1+ 49. Ke1 b1=Q 50. Rh7+ Qxh7 51. Rxh7+ Kxh7 52. Kd2 exf4 53. Ke1
Qc2 54. Kf1 Qf2#) 37. gxh4 Rxh4+ 38. Kg3 {[#]} Rh5 (38... f5 $142 $1 {[%mdl
512]} 39. Ra7+ (39. Rxb4 Qh6) 39... Bxa7 40. Nc5 f4+ {[%mdl 64] Decoy} 41. Kxf4
g3+ 42. Ke3 Bxc5+ 43. Ke2 Qe4+ {[%mdl 64] Double Attack} 44. Kd2 Qd3+ 45. Kc1
Rc4+ 46. Kb2 Bd4+ 47. Ka2 Rc2+ 48. Kb1 Qb3#) 39. Rxb4 {[#]} Qf6 $1 40. Rxb6 (
40. Nd4 Qh4+) 40... Ng6 $4 {[%mdl 8192]} (40... Qh4+ $19 41. Kf4 g3+ 42. Ke3
Nc4+ {[%mdl 64] Double Attack} 43. Kd3 Nb2+ 44. Kc3 Nxd1+ 45. Rxd1 gxf2 46.
Rbxd6 Qf4) 41. Qd4 $18 Ne5 42. Rxd6 Qh4+ 43. Kf4 Qh2+ 44. Ke3 Qxg2 45. Nd2 g3
46. Qe4 Qh3 {intending ...g2+.} 47. fxg3 Ng4+ 48. Kd3 $2 (48. Kd4 $18 {White
threatens Rg6+! and mate.} Re5 {[#]} 49. Rxf7+ $3 {[%mdl 512]} Kxf7 50. Rd7+
Ke8 51. Qb7 Rd5+ 52. Rxd5 Qh8+ 53. Kd3) 48... Qxg3+ $11 {[%mdl 64] Double
Attack. The position is equal.} 49. Nf3 Qxd6+ 50. Qd4+ Ne5+ 51. Nxe5 Qxe5 {
[%mdl 4096] Endgame KQR-KQR} 52. Rg1+ Kh6 53. Qe3+ Rg5 54. Qxe5 Rxe5 {KR-KR}
55. Kd4 f6 (55... Rg5 {is interesting.} 56. Ra1 Kg6 57. Ra6+ Kg7 58. Ra1 Rf5)
56. Rg2 Re6 57. Rh2+ (57. Rg1 {seems wilder.} Re8 58. Rh1+ Kg5 59. Rg1+ Kf5 60.
Rf1+) 57... Kg5 58. Rg2+ Kf4 {Black wants to play ...f5.} 59. Rf2+ Kg4 60. Kd5
Ra6 61. Rf1 f5 62. Rg1+ Kf4 63. Rf1+ Kg5 {aiming for ...Ra4.} 64. Rg1+ $1 Kf6 {
Threatens to win with ...Ra4.} 65. Kd4 $1 Re6 66. Rf1 Re8 67. Kd3 Re4 68. Rh1
Re7 69. Rf1 Re8 (69... Kg5 $5 70. Rg1+ $8 Kh5 71. Rh1+ Kg5 72. Rg1+ Kh6 $11)
70. Kd4 Re4+ (70... Kg5 $5 71. Rg1+ $8 Kh4 $11) 71. Kd3 $1 Ke5 {White must now
prevent ...f4.} 72. Rh1 (72. Ra1 {is interesting.} Kf6 73. Rg1 Ke5 74. Ra1)
72... Kf4 {Hoping for ...Re5.} 73. Rf1+ $1 Kg5 74. Rg1+ Rg4 (74... Kf4 $5) 75.
Rf1 Re4 (75... Rg2 $5) 76. Rg1+ Kf6 77. Rf1 (77. Ra1 {looks sharper.} Kg5 78.
Rg1+) 77... Re5 78. Kd4 Re8 79. Kd3 Re4 80. Rh1 Ke6 81. Rh8 Kf6 82. Rh1 Re5 83.
Kd4 Re2 84. Kd3 Re7 (84... Rb2 {is interesting.} 85. Ke3 Rb3+ 86. Kf4 Rb4+ 87.
Kf3 Rb3+) 85. Rf1 Kg5 86. Rg1+ Kf4 87. Rf1+ Kg4 88. Rg1+ Kh3 {And now ...f4
would win.} 89. Rf1 Re5 {Strongly threatening ...Kg2.} 90. Kd4 Re4+ 91. Kd3 $1
Re5 92. Kd4 Ra5 (92... Re2 {with more complications.} 93. Rxf5 Ra2 94. Rf8 Ra4+
95. Kc3 Kg2) 93. Ke3 Kg2 (93... Ra3+ {seems wilder.} 94. Kf4 Kg2 95. Rd1 Rf3+
96. Ke5 Kg3) 94. Rf2+ Kg3 95. Rf3+ Kg4 96. Rf4+ Kg5 (96... Kg3 $5 97. Rf3+ $8
Kg4 98. Rf4+ Kh5 $11) 97. Rb4 f4+ 98. Kf2 Ra2+ 99. Kf3 Ra3+ 100. Kf2 Kg4 {
...Ra2+ is the strong threat.} 101. Rb2 Ra8 (101... Rc3 {is more complex.} 102.
Kf1 Rc1+ 103. Kf2 Rc6 104. Rb3 Rc4) 102. Kg2 (102. Rc2 {feels hotter.} Rb8 103.
Rc3 Rh8 104. Kf1 Rh2 105. Rd3) 102... Ra1 103. Rb3 Ra2+ 104. Kf1 Rd2 (104...
Kh4 {looks sharper.} 105. Rd3 Rc2 106. Ra3 Rc4 107. Kf2 Kg4) 105. Ra3 Kf5 106.
Ra5+ Ke4 107. Ra3 (107. Ra4+ {keeps more tension.} Kf3 108. Ra3+ Kg4 109. Rb3
Rc2 110. Kg1) 107... Rb2 108. Rc3 Rb1+ (108... Rh2 {looks sharper.} 109. Rb3
Ra2 110. Rb4+ Kf3 111. Rb3+ Kg4) 109. Kf2 Rh1 (109... Rb4 {is interesting.}
110. Kg2 Rb8 111. Rc4+ Ke3 112. Rc3+ Ke2) 110. Rc4+ Kf5 (110... Kd3 {feels
hotter.} 111. Rc8 Rh2+ 112. Kf3 Rh3+ 113. Kxf4 Ke2) 111. Rc5+ Kg4 112. Rc3 Rh2+
113. Kf1 Rd2 114. Ra3 Rh2 (114... Rb2 {with more complications.} 115. Rd3 Rc2
116. Rb3 Kh4 117. Ra3 Rb2) 115. Rb3 Rh3 (115... Rc2 {seems wilder.} 116. Ke1
Kf5 117. Kf1 Rc8 118. Kf2 Kg4) 116. Rxh3 Kxh3 {KP-K} 117. Kf2 Kg4 118. Kg2 f3+
119. Kf2 Kf4 120. Kf1 Kg3 {( -> ...f2)} (120... Ke3 $5 121. Ke1 $8 Kf4 $11)
121. Kg1 f2+ 122. Kf1 Kf3 {Quite a comeback for White.  Weighted Error Value:
White=0.83/Black=0.66} 1/2-1/2

[Event "GCT Paris Rapid 2021"]
[Site "Paris"]
[Date "2021.06.20"]
[Round "8.3"]
[White "Svidler, Peter"]
[Black "Nepomniachtchi, Ian"]
[Result "1/2-1/2"]
[WhiteElo "2714"]
[BlackElo "2792"]
[Annotator "TA"]
[PlyCount "51"]
[EventDate "2021.06.18"]
[EventType "tourn"]
[EventCountry "FRA"]
[SourceTitle "playchess.com"]
[Source "ChessBase"]
[SourceQuality "1"]

{[%evp 16,51,8,6,6,12,52,28,29,33,37,25,39,30,33,0,0,0,18,12,67,68,76,62,57,64,
56,22,29,0,0,0,0,0,0,0,0,0]} 1. d4 e6 2. e4 d5 3. Nc3 Nf6 4. e5 Nfd7 5. f4 c5
6. Nf3 Nc6 7. Be3 a6 8. a3 cxd4 9. Nxd4 Bc5 {C11: French: Classical System: 4
e5 and 4 Bg5 dxe4.} 10. Qd2 {[#]} g5 $146 ({Predecessor:} 10... O-O 11. Be2 Qc7
12. O-O b6 13. Nxc6 Qxc6 14. b4 Bxe3+ 15. Qxe3 Bb7 16. Bd3 d4 17. Qe4 Qxe4 18.
Nxe4 {1/2-1/2 (67) Giri,A (2764)-Firouzja,A (2749) Wijk aan Zee 2021}) 11. f5 (
11. Nxc6 {with more complications.} Bxe3 12. Qxe3 bxc6 13. Bd3 gxf4 14. Qxf4
Rg8 15. O-O) 11... Nxd4 {White has an edge.} 12. Bxd4 Bxd4 13. Qxd4 Qb6 $1 {
[%cal Rb6d4]} 14. Qxb6 Nxb6 15. fxe6 fxe6 16. h4 g4 17. Bd3 Nd7 (17... O-O $11)
18. O-O $14 Ke7 19. Rae1 b5 20. Rf4 h5 21. Bg6 {[#] Black must now prevent
Rf7+.} Rh6 $1 {[%cal Rh6g6]} 22. Rf7+ (22. Bf5 $5) 22... Ke8 $1 {The position
is equal.} 23. Rf6+ Ke7 24. Rf7+ Ke8 $1 25. Rf6+ Ke7 26. Rf7+ {Weighted Error
Value: White=0.10/Black=0.10} 1/2-1/2

[Event "GCT Paris Rapid 2021"]
[Site "Paris"]
[Date "2021.06.20"]
[Round "8.4"]
[White "Radjabov, Teimour"]
[Black "Rapport, Richard"]
[Result "1/2-1/2"]
[WhiteElo "2765"]
[BlackElo "2763"]
[Annotator "TA"]
[PlyCount "97"]
[EventDate "2021.06.18"]
[EventType "tourn"]
[EventCountry "FRA"]
[SourceTitle "playchess.com"]
[Source "ChessBase"]
[SourceQuality "1"]

{[%evp 12,97,27,18,30,25,35,44,34,0,5,-13,30,23,24,0,0,-6,22,22,25,0,0,0,0,0,8,
11,0,15,0,0,51,47,58,55,73,81,87,76,83,37,55,24,30,0,0,0,0,0,9,10,25,0,0,0,0,0,
0,0,0,0,0,0,0,0,0,0,5,0,0,0,0,0,0,0,0,0,0,0,0,0,0,0,0,0,0,0]} 1. d4 Nf6 2. c4
e6 3. Nf3 b6 4. a3 Bb7 5. Nc3 Ne4 6. Nxe4 Bxe4 7. e3 c5 {E12: Queen's Indian:
Unusual White 4th moves, 4 a3, 4 Nc3 Bb7 5 a3 and 4 Nc3 Bb7 .} 8. Bd3 Bxf3 9.
Qxf3 Nc6 {[%cal Bb8c6,Bc6a5,Ba5b3,Bb3c1][%mdl 32] [#] White is slightly better.
} 10. Be4 $146 ({Predecessor:} 10. dxc5 bxc5 11. Be4 Rc8 12. O-O g6 13. Rd1 Bg7
14. Rb1 Qc7 15. Qe2 O-O 16. b3 Rb8 17. Qc2 Rfd8 {1/2-1/2 (17) Sienkiewicz,W 
(2102)-Popov,V (2084) ICCF email 2009}) 10... Rc8 11. O-O Na5 12. d5 Bd6 13.
Rd1 (13. Bd2 {seems wilder.} O-O 14. Bc3 f5 15. Bd3 Qc7 16. g3) 13... Qc7 14.
Qh3 Nb3 15. Rb1 g6 16. dxe6 dxe6 17. Bc2 Nxc1 18. Ba4+ Kf8 19. Qh6+ Kg8 20.
Rbxc1 Bf8 21. Qh4 Be7 (21... Bd6 $11) 22. Qe4 $1 $14 Bd6 23. Rd2 Rd8 24. g3 h5
25. Rcd1 {[#] Qc6 is the strong threat.} Kh7 26. f4 Rhf8 27. Kg2 Qe7 28. Qc6 {
[%cal Rd2d6]} Bb8 29. Rd7 Qf6 30. R1d2 Kg7 31. h4 Rc8 32. Qf3 Rfd8 {The
position is equal.} 33. e4 {[#] aiming for e5.} Rxd7 34. Bxd7 Rd8 35. e5 Qf5
36. Qe2 Bc7 37. Bc6 Qb1 38. Rxd8 Bxd8 39. Be4 Qc1 40. Qc2 Qxc2+ 41. Bxc2 $11 {
[%mdl 4096] Endgame KB-KB} f6 42. exf6+ Bxf6 43. b3 Bb2 44. a4 Kf6 45. Kf3 Bc3
46. Bd3 Bb2 47. Bc2 Bc3 48. Bd3 Bb2 49. Bc2 {Weighted Error Value: White=0.07/
Black=0.06} 1/2-1/2

[Event "GCT Paris Rapid 2021"]
[Site "Paris"]
[Date "2021.06.20"]
[Round "8.5"]
[White "Caruana, Fabiano"]
[Black "Bacrot, Etienne"]
[Result "0-1"]
[WhiteElo "2820"]
[BlackElo "2678"]
[Annotator "TA"]
[PlyCount "110"]
[EventDate "2021.06.18"]
[EventType "tourn"]
[EventCountry "FRA"]
[SourceTitle "playchess.com"]
[Source "ChessBase"]
[SourceQuality "1"]

{[%evp 18,110,26,18,35,33,39,35,51,60,50,27,35,13,22,1,13,15,31,5,10,-23,-35,
-20,0,-14,0,0,0,-52,-61,-64,-62,-64,-57,-67,51,-144,-143,-200,-197,-299,-297,
-329,-327,-326,-358,-368,-356,-348,-369,-355,-352,-354,-368,-491,-466,-466,
-472,-450,-420,-384,-250,-554,-540,-5189,-5154,-3953,-3420,-29960,-29962,
-29971,-29972,-29972,-29973,-29973,-29974,-29974,-29975,-29976,-29961,-29972,0,
-29974,-29974,-29974,-29975,-29976,-29976,-29977,-29977,-29976,-29976,-29985,
-29986]} 1. e4 c5 2. Nf3 d6 3. d4 cxd4 4. Nxd4 Nf6 5. Nc3 Nc6 6. Bg5 e6 7. Qd2
a6 8. O-O-O Bd7 $1 {The main line 8...Bd7 scores better than 8...h6.} 9. f3
Nxd4 10. Qxd4 Be7 {B67: Sicilian: Richter-Rauzer: 7...a6 8 0-0-0 Bd7, lines
without 9 f4 Be7.} 11. Kb1 Rc8 12. h4 h6 $5 {[%mdl 4] White is slightly better.
A promising side line.} 13. Be3 h5 14. Qd2 b5 15. Ne2 Qc7 16. Bg5 {[#]} a5 $146
{[%cal Ba6a5,Ba5a4][%mdl 32]} ({Predecessor:} 16... e5 17. Bxf6 gxf6 18. Nc3
Be6 19. Nd5 Bxd5 20. exd5 Bf8 21. Bd3 Bh6 22. Qe2 Ke7 {0-1 (50) Shyam,N (2429)
-Le,Q (2715) Sharjah 2019}) 17. Nd4 Rb8 18. Bd3 b4 19. f4 a4 20. Rhe1 Qc5 21.
Nf3 Bc6 22. e5 {f5 is the strong threat.} Bxf3 23. exf6 ({White should try} 23.
gxf3 $11 Nd5 24. Bxe7 Kxe7 25. Qg2) 23... Bxd1 $15 24. fxg7 Rg8 25. Qxd1 Rxg7
26. Qxh5 Qd4 (26... Kd7 $1 $15 27. Qh6 Rbg8) 27. Qd1 $2 (27. Rd1 $14 {stays
ahead.} Rxg5 28. hxg5 (28. fxg5 Qg7 $14)) 27... Bf6 {White is on the road to
losing.} 28. Bxf6 (28. Qc1 $17 {is a better defense.} a3 29. g3) 28... Qxf6 $40
{[%mdl 128] Black wants a kill.} 29. Qf3 {[#]} (29. f5 {keeps fighting.}) 29...
Kf8 $1 {And now ...a3 would win.} ({And not} 29... Qxh4 30. Qc6+ Ke7 31. Qc7+
Kf6 32. Rf1 $16) 30. Qc6 {[#]} Qd4 {Strongly threatening ...a3.} ({Weaker is} 
30... Qxf4 31. Rf1 $17) 31. Qxa4 Rxg2 {White must now prevent ...Rg1.} 32. a3
Rg1 33. Rxg1 Qxg1+ {[%mdl 4096] Endgame KQR-KQB} 34. Ka2 bxa3 35. b3 Qc1 {
[%csl Ga3][%cal Rc1b2]} 36. Qd4 Qb2+ 37. Qxb2 axb2 38. Kxb2 {KR-KB} Ke7 39. h5
Rg8 40. b4 $2 (40. f5 {was the crucial defense.}) 40... Rg4 41. f5 Rxb4+ 42.
Kc3 Rh4 43. fxe6 Kxe6 44. Be2 Ke5 45. Kd3 Rh3+ 46. Kd2 Kf4 47. Bc4 f5 48. Bf7
Ke5 49. Bg6 Kf4 $2 (49... Ke4 {mates} 50. Kc1 Rh2 51. Kb2 Kf4 52. Kc3 Kg4 53.
Kd4 Rxc2 54. h6 Rh2 55. h7 Kg5 56. Be8 Rxh7 57. Bb5 f4 58. Ke4 Kg4 59. Be2+ Kg3
60. Bf1 Rh1 61. Bd3 Rd1 62. Bc2 Re1+ 63. Kd4 f3 64. Bb3 f2 65. Bc4 Rd1+ 66. Ke3
f1=Q 67. Bxf1 Rxf1 68. Kd4 Kf2 69. Kd5 Rd1+ 70. Ke4 d5+ 71. Ke5 Ke3 72. Kf5 d4
73. Kf6 d3 74. Ke7 Rc1 75. Kd7 d2 76. Ke6 d1=Q 77. Kf7 Qd7+ 78. Kg6 Rc6+ 79.
Kh5 Kf3 80. Kh4 Qg4#) 50. Ke2 $2 {[%mdl 8192]} (50. Bf7 $11 Kg3 51. Kd3) 50...
Rh2+ {Black mates.} 51. Kd3 Kg4 52. Kd4 f4 53. Kd5 f3 54. Bd3 Kxh5 55. Kxd6 Rd2
{Weighted Error Value: White=0.69/Black=0.18} 0-1

[Event "GCT Paris Rapid 2021"]
[Site "Paris"]
[Date "2021.06.20"]
[Round "9.1"]
[White "Bacrot, Etienne"]
[Black "So, Wesley"]
[Result "1/2-1/2"]
[WhiteElo "2678"]
[BlackElo "2770"]
[Annotator "TA"]
[PlyCount "64"]
[EventDate "2021.06.18"]
[EventType "tourn"]
[EventCountry "FRA"]
[SourceTitle "playchess.com"]
[Source "ChessBase"]
[SourceQuality "1"]

{[%evp 15,64,24,20,14,14,14,18,15,14,16,22,6,13,10,12,10,13,18,13,10,16,8,13,
15,22,12,12,6,10,12,18,14,16,20,12,9,15,15,14,14,57,44,41,48,41,0,15,0,35,0,10]
} 1. e4 e5 2. Nf3 Nc6 3. Bb5 Nf6 4. O-O Nxe4 5. Re1 Nd6 6. Nxe5 Be7 7. Bf1 Nxe5
8. Rxe5 O-O 9. Nc3 {C67: Ruy Lopez: Berlin Defence: 4 0-0 Nxe4.} Ne8 10. Nd5 {
[%cal Bc3d5,Bd5e3,Be3f5][%mdl 32]} Bd6 11. Re1 c6 12. Ne3 Be7 13. Nf5 Bg5 14.
d4 Bxc1 15. Rxc1 (15. Qxc1 {looks sharper.} d5 16. Ne7+ Kh8 17. Nxc8 Rxc8 18.
c3) 15... d5 16. Ne7+ Kh8 17. Nxc8 Rxc8 {[#]} 18. c3 $146 ({Predecessor:} 18.
Qd2 Nd6 19. Bd3 g6 20. Re5 f6 21. Re3 Qd7 22. Rce1 Rce8 23. b3 Rxe3 24. Rxe3 {
1/2-1/2 (31) Olofsson,D (2540)-Voll,A (2567) ICCF email 2017}) 18... Nd6 19.
Bd3 Re8 20. Re5 Qd7 21. Qf3 f6 22. Ree1 Rxe1+ 23. Rxe1 Re8 24. Rxe8+ Qxe8 25.
Kf1 $40 {[%mdl 128] White attacks.} Qe6 26. Qh5 {[%csl Gd3][%cal Rh5h7] [#]} f5
27. Qg5 {aiming for Qd8+.} g6 28. Qd8+ Kg7 29. Qc7+ Kh6 30. Qd8 {[#] Threatens
to win with Qf8+.} Kg7 31. Qc7+ Kh6 32. Qd8 {Strongly threatening Qf8+.} Kg7 {
Weighted Error Value: White=0.06/Black=0.03} 1/2-1/2

[Event "GCT Paris Rapid 2021"]
[Site "Paris"]
[Date "2021.06.20"]
[Round "9.2"]
[White "Rapport, Richard"]
[Black "Caruana, Fabiano"]
[Result "1/2-1/2"]
[WhiteElo "2763"]
[BlackElo "2820"]
[Annotator "TA"]
[PlyCount "102"]
[EventDate "2021.06.18"]
[EventType "tourn"]
[EventCountry "FRA"]
[SourceTitle "playchess.com"]
[Source "ChessBase"]
[SourceQuality "1"]

{[%evp 14,102,4,7,12,0,8,0,45,0,13,7,47,19,34,19,28,8,35,21,68,66,69,64,70,55,
106,97,118,125,107,110,143,143,140,151,161,132,130,129,139,139,134,133,129,119,
117,127,121,105,160,199,249,246,233,260,276,269,418,422,776,759,707,218,236,0,
0,0,0,0,0,0,0,-400,0,0,0,0,0,0,0,-29980,0,0,0,0,0,0,0,0,0]} 1. Nf3 d5 2. g3 c5
3. Bg2 Nf6 4. O-O e6 5. d3 Nc6 6. Na3 e5 7. e4 d4 8. Nc4 Qc7 {A08: King's
Indian Attack.} 9. a4 Be6 10. b3 $1 {[#]} O-O-O $146 ({Predecessor:} 10... h6
11. h4 Be7 12. Bd2 Nd7 13. c3 dxc3 14. Bxc3 O-O-O 15. Rc1 g5 16. hxg5 hxg5 {
1-0 (46) Zholdoshmamatov,A (1682)-Aman,D (1627) Corum 2019}) 11. Ng5 Bxc4 12.
bxc4 Bd6 13. f4 Kb8 14. Rb1 h6 15. Nf3 h5 16. Nh4 Ng4 17. Nf5 g6 18. Nxd6 Rxd6
19. Qe2 f6 (19... Nf6 $14) 20. h3 $16 Ne3 21. Bxe3 dxe3 22. Qxe3 Nb4 23. fxe5
fxe5 24. Rf2 Rhd8 25. Qg5 Nc6 26. h4 a6 27. Qd2 Ka7 28. Kh2 Nd4 29. Qg5 Nc6 30.
Bh3 Qa5 31. Qh6 Qc7 (31... Re8 $142 32. Ra1 Re7) 32. Rbf1 Qb6 33. Rf7 Qb2 34.
R1f2 Nd4 35. Qg7 Nxc2 (35... Rb8 $142 36. Rf8 Rdd8) 36. d4 $18 cxd4 (36... Rb8
$142 37. dxc5 (37. dxe5 Rd1 $14) 37... Rc6) 37. c5 Rc6 38. Rc7 $2 (38. Qxe5 Qb4
39. Rxc2) 38... Rg8 39. Qd7 (39. Qxe5 $18 Rxc7 40. Qxc7) 39... Rxc7 $11 40.
Qxc7 {[#] Strongly threatening Bf1.} d3 41. Be6 Rb8 $36 {[%mdl 2048] ...Qd4!
is the strong threat. Black is pushing.} 42. Bd5 {Threatens to win with a5.}
Qb4 {And now ...Ne3 would win.} 43. Kh3 $2 {[%mdl 8192]} (43. a5 $11 Ne3 44.
Qb6+ Qxb6 45. axb6+ Ka8 46. Kg1) 43... Qb1 $2 (43... Ne3 $19 44. a5 Nxd5 45.
exd5 Qd4) 44. a5 $1 {[#] Black must now prevent Qb6+.} Qh1+ 45. Rh2 {
Threatening mate with Qb6+.} Qf1+ 46. Rg2 {Qb6+ would kill now.} d2 47. Qb6+
Ka8 48. c6 {[%cal Rc6b7] The position is equal.} Qh1+ 49. Rh2 {[%cal Rc6b7]}
Qf1+ 50. Rg2 {[%cal Rc6b7]} Qh1+ 51. Rh2 {[%cal Rc6b7]} Qf1+ {White used his
chance.  Weighted Error Value: White=0.39/Black=0.35} 1/2-1/2